[Event "5"]
[Site "Emanuel Lasker Arena"]
[Date "2024.04.09"]
[Round "3"]
[White "Sauerbruch"]
[Black "Botwinzig"]
[Result "0-1"]
[WhiteElo "1620"]
[BlackElo "1810"]
[Annotator "NA RC"]
[PlyCount "38"]
[EventDate "2024.04.09"]
[EventType "swiss (blitz)"]
[TimeControl "60"]

1. e4 {[%emt 0:00:01]} e5 {[%emt 0:00:01]} 2. Nf3 {[%emt 0:00:01]} Nc6 {[%emt 0:00:01]} 3. Bb5 {[%emt 0:00:01]} a6 {[%emt 0:00:01]} 4. Ba4 {[%emt 0:00:01]} d6 {[%emt 0:00:01]} 5. d4 {[%emt 0:00:01]} b5 {[%emt 0:00:01]} 6. Bb3 {[%emt 0:00:01]} Nxd4 {[%emt 0:00:01]} 7. Nxd4 {[%emt 0:00:01]} exd4 {[%emt 0:00:01]} 8. Qxd4 {[%emt 0:00:01]} Nf6 {[%emt 0:00:01]} 9. Bg5 {[%emt 0:00:01]} h6 {[%emt 0:00:01]} 10. Bd5 {[%emt 0:00:02]} hxg5 {[%emt 0:00:01]} 11. Bxa8 {[%emt 0:00:01]} c5 {[%emt 0:00:06]} 12. a4 {[%emt 0:00:04]} cxd4 {[%emt 0:00:01]} 13. axb5 {[%emt 0:00:01]} d3 {[%emt 0:00:06]} 14. Nc3 {[%emt 0:00:04]} dxc2 {[%emt 0:00:03]} 15. e5 {[%emt 0:00:04]} dxe5 {[%emt 0:00:01]} 16. Bc6+ {[%emt 0:00:03]} Bd7 {[%emt 0:00:02]} 17. Bxd7+ {[%emt 0:00:01]} Qxd7 {[%emt 0:00:01]} 18. bxa6 {[%emt 0:00:01]} Ba3 {[%emt 0:00:02]} 19. Rxa3 {[%emt 0:00:02]} c1=Q+ {[%emt 0:00:02] Sauerbruch resigns (Lag: Av=0.06s, max=0.3s)} 0-1

[Event "5"]
[Site "Emanuel Lasker Arena"]
[Date "2024.04.09"]
[Round "3"]
[White "Stratospheric"]
[Black "Stachelrochade"]
[Result "0-1"]
[WhiteElo "1620"]
[BlackElo "1620"]
[Annotator "NA RC"]
[PlyCount "106"]
[EventDate "2024.04.09"]
[EventType "swiss (blitz)"]

1. d4 {[%emt 0:00:01]} d5 {[%emt 0:00:01]} 2. c4 {[%emt 0:00:01]} dxc4 {[%emt 0:00:01]} 3. Nf3 {[%emt 0:00:01]} Nf6 {[%emt 0:00:01]} 4. e3 {[%emt 0:00:01]} e6 {[%emt 0:00:01]} 5. Bxc4 {[%emt 0:00:01]} Nbd7 {[%emt 0:00:01]} 6. Nc3 {[%emt 0:00:01]} b6 {[%emt 0:00:02]} 7. e4 {[%emt 0:00:01]} Bb7 {[%emt 0:00:01]} 8. e5 {[%emt 0:00:04]} Bb4 {[%emt 0:00:01]} 9. exf6 {[%emt 0:00:01]} Qxf6 {[%emt 0:00:01]} 10. O-O {[%emt 0:00:04]} Bxc3 {[%emt 0:00:04]} 11. bxc3 {[%emt 0:00:01]} c5 {[%emt 0:00:04]} 12. dxc5 {[%emt 0:00:04]} Qxc3 {[%emt 0:00:01]} 13. Qd4 {[%emt 0:00:04]} Qxd4 {[%emt 0:00:01]} 14. Nxd4 {[%emt 0:00:01]} Nxc5 {[%emt 0:00:01]} 15. Nb3 {[%emt 0:00:06]} Ba6 {[%emt 0:00:03]} 16. Bxa6 {[%emt 0:00:02]} Nxa6 {[%emt 0:00:01]} 17. Bf4 {[%emt 0:00:02]} O-O {[%emt 0:00:03]} 18. Rad1 {[%emt 0:00:02]} Rad8 {[%emt 0:00:03]} 19. Rd4 {[%emt 0:00:02]} Rxd4 {[%emt 0:00:03]} 20. Nxd4 {[%emt 0:00:01]} Nb4 {[%emt 0:00:02]} 21. Nb5 {[%emt 0:00:02]} Nxa2 {[%emt 0:00:01]} 22. Nxa7 {[%emt 0:00:01]} Nc3 {[%emt 0:00:01]} 23. Bc7 {[%emt 0:00:01]} b5 {[%emt 0:00:02]} 24. Ba5 {[%emt 0:00:01]} Ne2+ {[%emt 0:00:02]} 25. Kh1 {[%emt 0:00:00]} Ra8 {[%emt 0:00:02]} 26. Rd1 {[%emt 0:00:01]} e5 {[%emt 0:00:01]} 27. Nxb5 {[%emt 0:00:01]} f6 {[%emt 0:00:01]} 28. Nc3 {[%emt 0:00:01]} Nf4 {[%emt 0:00:01]} 29. Rd8+ {[%emt 0:00:01]} Rxd8 {[%emt 0:00:01]} 30. Bxd8 {[%emt 0:00:00]} Ne6 {[%emt 0:00:01]} 31. f4 {[%emt 0:00:01]} Nxd8 {[%emt 0:00:01]} 32. fxe5 {[%emt 0:00:00]} fxe5 {[%emt 0:00:01]} 33. Ne4 {[%emt 0:00:01]} Kf7 {[%emt 0:00:01]} 34. h3 {[%emt 0:00:01]} Ne6 {[%emt 0:00:01]} 35. Kg1 {[%emt 0:00:01]} Nf4 {[%emt 0:00:01]} 36. Kf2 {[%emt 0:00:01]} Ke7 {[%emt 0:00:01]} 37. Kf3 {[%emt 0:00:01]} Kf7 {[%emt 0:00:01]} 38. Ng5+ {[%emt 0:00:01]} Kg6 {[%emt 0:00:01]} 39. Ne4 {[%emt 0:00:00]} h6 {[%emt 0:00:01]} 40. Nd6 {[%emt 0:00:00]} Kf6 {[%emt 0:00:01]} 41. Nc4 {[%emt 0:00:00]} Nd5 {[%emt 0:00:00]} 42. Ke4 {[%emt 0:00:01]} Nf4 {[%emt 0:00:00]} 43. Nxe5 {[%emt 0:00:00]} Nxg2 {[%emt 0:00:00]} 44. Nd7+ {[%emt 0:00:00]} Kg5 {[%emt 0:00:00]} 45. Kf3 {[%emt 0:00:00]} Nf4 {[%emt 0:00:00]} 46. h4+ {[%emt 0:00:01]} Kxh4 {[%emt 0:00:00]} 47. Kxf4 {[%emt 0:00:00]} h5 {[%emt 0:00:00]} 48. Kf3 {[%emt 0:00:00]} Kh3 {[%emt 0:00:00]} 49. Nf8 {[%emt 0:00:00]} g5 {[%emt 0:00:00]} 50. Kf2 {[%emt 0:00:01]} h4 {[%emt 0:00:00]} 51. Kg1 {[%emt 0:00:00]} Kg3 {[%emt 0:00:00]} 52. Ne6 {[%emt 0:00:00]} g4 {[%emt 0:00:00]} 53. Ng7 {[%emt 0:00:00] .} Kf3 {[%emt 0:00:00]} 0-1

[Event "5"]
[Site "Emanuel Lasker Arena"]
[Date "2024.04.09"]
[Round "4"]
[White "Leuwe"]
[Black "Josha Matin"]
[Result "1-0"]
[WhiteElo "2285"]
[BlackElo "2222"]
[Annotator "RC"]
[PlyCount "105"]
[EventDate "2024.04.09"]
[EventType "swiss (blitz)"]

1. e4 {[%emt 0:00:00]} e5 {[%emt 0:00:01]} 2. Nf3 {[%emt 0:00:01]} Nc6 {[%emt 0:00:01]} 3. Bb5 {[%emt 0:00:01]} a6 {[%emt 0:00:01]} 4. Ba4 {[%emt 0:00:01]} d6 {[%emt 0:00:01]} 5. O-O {[%emt 0:00:00]} Bd7 {[%emt 0:00:01]} 6. c3 {[%emt 0:00:01]} g6 {[%emt 0:00:01]} 7. d4 {[%emt 0:00:00]} Bg7 {[%emt 0:00:01]} 8. dxe5 {[%emt 0:00:01]} Nxe5 {[%emt 0:00:01]} 9. Nxe5 {[%emt 0:00:01]} dxe5 {[%emt 0:00:01]} 10. f4 {[%emt 0:00:01]} Bxa4 {[%emt 0:00:01]} 11. Qxa4+ {[%emt 0:00:01]} b5 {[%emt 0:00:01]} 12. Qb3 {[%emt 0:00:01]} exf4 {[%emt 0:00:01]} 13. Bxf4 {[%emt 0:00:01]} Nf6 {[%emt 0:00:04]} 14. Qb4 {[%emt 0:00:01]} Qd3 {[%emt 0:00:03]} 15. Nd2 {[%emt 0:00:04]} Ng4 {[%emt 0:00:06]} 16. h3 {[%emt 0:00:04]} Ne5 {[%emt 0:00:06]} 17. a4 {[%emt 0:00:06]} Rd8 {[%emt 0:00:03]} 18. Nf3 {[%emt 0:00:03]} Nxf3+ {[%emt 0:00:01]} 19. Rxf3 {[%emt 0:00:01]} Qd7 {[%emt 0:00:03]} 20. Qc5 {[%emt 0:00:01]} Rc8 {[%emt 0:00:03]} 21. axb5 {[%emt 0:00:00]} Qxb5 {[%emt 0:00:01]} 22. Qa3 {[%emt 0:00:03]} a5 {[%emt 0:00:02]} 23. Qxa5 {[%emt 0:00:01]} Qxb2 {[%emt 0:00:01]} 24. Rf2 {[%emt 0:00:02]} Qxc3 {[%emt 0:00:01]} 25. Qa4+ {[%emt 0:00:01]} Kf8 {[%emt 0:00:01]} 26. Rc1 {[%emt 0:00:01]} Qd4 {[%emt 0:00:02]} 27. Qa6 {[%emt 0:00:02]} Qd7 {[%emt 0:00:01]} 28. Bd6+ {[%emt 0:00:02]} Kg8 {[%emt 0:00:01]} 29. Qc4 {[%emt 0:00:02]} Rd8 {[%emt 0:00:01]} 30. Bxc7 {[%emt 0:00:01]} Rc8 {[%emt 0:00:02]} 31. e5 {[%emt 0:00:01]} Bxe5 {[%emt 0:00:01]} 32. Bxe5 {[%emt 0:00:01]} Rxc4 {[%emt 0:00:00]} 33. Rxc4 {[%emt 0:00:01]} h5 {[%emt 0:00:01]} 34. Rc7 {[%emt 0:00:01]} Qe6 {[%emt 0:00:01]} 35. Bxh8 {[%emt 0:00:00]} Kxh8 {[%emt 0:00:00]} 36. Rcxf7 {[%emt 0:00:01]} Kg8 {[%emt 0:00:01]} 37. R7f6 {[%emt 0:00:01]} Qe4 {[%emt 0:00:00]} 38. Kh1 {[%emt 0:00:01]} Kh7 {[%emt 0:00:00]} 39. Rf1 {[%emt 0:00:01]} Qd5 {[%emt 0:00:00]} 40. Rf7+ {[%emt 0:00:01]} Kh6 {[%emt 0:00:00]} 41. R7f4 {[%emt 0:00:01]} Qa2 {[%emt 0:00:00]} 42. Rf7 {[%emt 0:00:01]} Qe2 {[%emt 0:00:00]} 43. R7f4 {[%emt 0:00:01]} Qe8 {[%emt 0:00:01]} 44. Rf7 {[%emt 0:00:01]} Qe4 {[%emt 0:00:00]} 45. Rd7 {[%emt 0:00:01]} Qc2 {[%emt 0:00:01]} 46. Rdf7 {[%emt 0:00:01]} Qd2 {[%emt 0:00:00]} 47. R7f4 {[%emt 0:00:00]} Qc3 {[%emt 0:00:00]} 48. Rf7 {[%emt 0:00:00]} Qe5 {[%emt 0:00:00]} 49. R7f6 {[%emt 0:00:00]} Qd4 {[%emt 0:00:00]} 50. Rf8 {[%emt 0:00:01]} Qe4 {[%emt 0:00:00]} 51. R8f3 {[%emt 0:00:00]} Qc4 {[%emt 0:00:00]} 52. Rf7 {[%emt 0:00:00]} Qb4 {[%emt 0:00:01] '} 53. Rd1 {[%emt 0:00:00] (Lag: Av=0.07s, max=0.6s)} 1-0

[Event "5"]
[Site "Emanuel Lasker Arena"]
[Date "2024.04.09"]
[Round "4"]
[White "Jamie Fraser"]
[Black "Toby Ziegler"]
[Result "1-0"]
[WhiteElo "2119"]
[BlackElo "2064"]
[Annotator "RC"]
[PlyCount "99"]
[EventDate "2024.04.09"]
[EventType "swiss (blitz)"]

1. e4 {[%emt 0:00:01]} e5 {[%emt 0:00:01]} 2. Nf3 {[%emt 0:00:01]} Nc6 {[%emt 0:00:01]} 3. Bb5 {[%emt 0:00:01]} a6 {[%emt 0:00:01]} 4. Ba4 {[%emt 0:00:01]} Nf6 {[%emt 0:00:01]} 5. O-O {[%emt 0:00:01]} Be7 {[%emt 0:00:01]} 6. Re1 {[%emt 0:00:01]} b5 {[%emt 0:00:01]} 7. Bb3 {[%emt 0:00:01]} O-O {[%emt 0:00:00]} 8. c3 {[%emt 0:00:01]} d6 {[%emt 0:00:01]} 9. d4 {[%emt 0:00:01]} Bg4 {[%emt 0:00:01]} 10. Be3 {[%emt 0:00:01]} exd4 {[%emt 0:00:01]} 11. cxd4 {[%emt 0:00:01]} Na5 {[%emt 0:00:01]} 12. Bc2 {[%emt 0:00:01]} c5 {[%emt 0:00:01]} 13. h3 {[%emt 0:00:01]} cxd4 {[%emt 0:00:01]} 14. Bxd4 {[%emt 0:00:01]} Bh5 {[%emt 0:00:01]} 15. g4 {[%emt 0:00:01]} Bg6 {[%emt 0:00:01]} 16. Nc3 {[%emt 0:00:01]} Rc8 {[%emt 0:00:01]} 17. Nh4 {[%emt 0:00:03]} Nc6 {[%emt 0:00:01]} 18. Be3 {[%emt 0:00:01]} b4 {[%emt 0:00:02]} 19. Na4 {[%emt 0:00:01]} Bxe4 {[%emt 0:00:01]} 20. Nf5 {[%emt 0:00:04]} Ne5 {[%emt 0:00:04]} 21. Bb6 {[%emt 0:00:03]} Nf3+ {[%emt 0:00:01]} 22. Qxf3 {[%emt 0:00:01]} Bxf3 {[%emt 0:00:01]} 23. Bxd8 {[%emt 0:00:01]} Bxd8 {[%emt 0:00:01]} 24. Bb3 {[%emt 0:00:03]} d5 {[%emt 0:00:07]} 25. Re7 {[%emt 0:00:03]} g6 {[%emt 0:00:03]} 26. Nh6+ {[%emt 0:00:02]} Kg7 {[%emt 0:00:01]} 27. Re3 {[%emt 0:00:01]} Be4 {[%emt 0:00:02]} 28. g5 {[%emt 0:00:02]} Nh5 {[%emt 0:00:03]} 29. h4 {[%emt 0:00:02]} Nf4 {[%emt 0:00:02]} 30. f3 {[%emt 0:00:02]} f5 {[%emt 0:00:02]} 31. fxe4 {[%emt 0:00:01]} dxe4 {[%emt 0:00:01]} 32. Rd1 {[%emt 0:00:02]} Rc7 {[%emt 0:00:02]} 33. Nb6 {[%emt 0:00:01]} Be7 {[%emt 0:00:02]} 34. Nd5 {[%emt 0:00:02]} Nxd5 {[%emt 0:00:02]} 35. Rxd5 {[%emt 0:00:01]} Bc5 {[%emt 0:00:02]} 36. Kf2 {[%emt 0:00:01]} Bxe3+ {[%emt 0:00:00]} 37. Kxe3 {[%emt 0:00:00]} f4+ {[%emt 0:00:01]} 38. Kf2 {[%emt 0:00:01]} Re7 {[%emt 0:00:01]} 39. Bc4 {[%emt 0:00:01]} Rc8 {[%emt 0:00:01]} 40. b3 {[%emt 0:00:01]} e3+ {[%emt 0:00:01]} 41. Kf3 {[%emt 0:00:01]} e2 {[%emt 0:00:00]} 42. Bxe2 {[%emt 0:00:00]} Rc2 {[%emt 0:00:01]} 43. Bxa6 {[%emt 0:00:01]} Rxa2 {[%emt 0:00:00]} 44. Rd8 {[%emt 0:00:01]} Rxa6 {[%emt 0:00:00]} 45. Kxf4 {[%emt 0:00:00]} Rf7+ {[%emt 0:00:00]} 46. Nxf7 {[%emt 0:00:00]} Kxf7 {[%emt 0:00:00]} 47. Rd7+ {[%emt 0:00:00]} Kg8 {[%emt 0:00:00]} 48. Ke5 {[%emt 0:00:00]} Ra1 {[%emt 0:00:00]} 49. Kf6 {[%emt 0:00:00]} Rg1 {[%emt 0:00:01]} 50. Rd8# {[%emt 0:00:00] (Lag: Av=0.07s, max=0.6s)} 1-0

[Event "5"]
[Site "Emanuel Lasker Arena"]
[Date "2024.04.09"]
[Round "4"]
[White "StressTest"]
[Black "Melancholia"]
[Result "1-0"]
[WhiteElo "2101"]
[BlackElo "1620"]
[Annotator "RC"]
[PlyCount "73"]
[EventDate "2024.04.09"]
[EventType "swiss (blitz)"]

1. c4 {[%emt 0:00:01]} c5 {[%emt 0:00:01]} 2. Nf3 {[%emt 0:00:01]} Nc6 {[%emt 0:00:01]} 3. Nc3 {[%emt 0:00:01]} e5 {[%emt 0:00:01]} 4. g3 {[%emt 0:00:01]} g6 {[%emt 0:00:01]} 5. Bg2 {[%emt 0:00:01]} Bg7 {[%emt 0:00:01]} 6. a3 {[%emt 0:00:01]} d6 {[%emt 0:00:01]} 7. d3 {[%emt 0:00:01]} Nge7 {[%emt 0:00:02]} 8. Rb1 {[%emt 0:00:01]} Nd4 {[%emt 0:00:02]} 9. Ng1 {[%emt 0:00:01]} Bg4 {[%emt 0:00:06]} 10. h3 {[%emt 0:00:03]} Qa5 {[%emt 0:00:04]} 11. b4 {[%emt 0:00:02]} b5 {[%emt 0:00:02]} 12. bxa5 {[%emt 0:00:01]} e4 {[%emt 0:00:03]} 13. hxg4 {[%emt 0:00:01]} d5 {[%emt 0:00:04]} 14. dxe4 {[%emt 0:00:01]} dxe4 {[%emt 0:00:00]} 15. Bxe4 {[%emt 0:00:01]} Ne6 {[%emt 0:00:03]} 16. Nxb5 {[%emt 0:00:03]} Rd8 {[%emt 0:00:03]} 17. Nd6+ {[%emt 0:00:03]} Kf8 {[%emt 0:00:02]} 18. Qd3 {[%emt 0:00:03]} Bd4 {[%emt 0:00:03]} 19. Kf1 {[%emt 0:00:03]} Rxd6 {[%emt 0:00:01]} 20. Rb8+ {[%emt 0:00:02]} Kg7 {[%emt 0:00:01]} 21. Bh6+ {[%emt 0:00:02]} Kf6 {[%emt 0:00:01]} 22. Rxh8 {[%emt 0:00:01]} g5 {[%emt 0:00:01]} 23. Rh5 {[%emt 0:00:02]} Rd7 {[%emt 0:00:02]} 24. Bh1 {[%emt 0:00:01]} Rd6 {[%emt 0:00:02]} 25. f4 {[%emt 0:00:02]} Nc6 {[%emt 0:00:01]} 26. Bxc6 {[%emt 0:00:02]} Rxc6 {[%emt 0:00:01]} 27. fxg5+ {[%emt 0:00:01]} Ke7 {[%emt 0:00:01]} 28. Ra8 {[%emt 0:00:02]} Be5 {[%emt 0:00:01]} 29. Qxh7 {[%emt 0:00:01]} Bxg3 {[%emt 0:00:01]} 30. Rxa7+ {[%emt 0:00:01]} Rc7 {[%emt 0:00:01]} 31. g6 {[%emt 0:00:01]} Rxa7 {[%emt 0:00:00]} 32. Qxf7+ {[%emt 0:00:01]} Kd6 {[%emt 0:00:01]} 33. Qxa7 {[%emt 0:00:01]} Kc6 {[%emt 0:00:01]} 34. g7 {[%emt 0:00:01]} Bd6 {[%emt 0:00:00]} 35. g8=Q {[%emt 0:00:01]} Bg3 {[%emt 0:00:01]} 36. Qxe6+ {[%emt 0:00:01]} Bd6 {[%emt 0:00:00]} 37. Rxc5# {[%emt 0:00:00] (Lag: Av=0.07s, max=0.7s)} 1-0

[Event "5"]
[Site "Emanuel Lasker Arena"]
[Date "2024.04.09"]
[Round "4"]
[White "Brutus"]
[Black "Lord Grantham"]
[Result "0-1"]
[WhiteElo "2041"]
[BlackElo "1620"]
[Annotator "NA RC"]
[PlyCount "106"]
[EventDate "2024.04.09"]
[EventType "swiss (blitz)"]

1. d4 {[%emt 0:00:01]} Nf6 {[%emt 0:00:01]} 2. c4 {[%emt 0:00:01]} e6 {[%emt 0:00:01]} 3. Nc3 {[%emt 0:00:01]} Bb4 {[%emt 0:00:01]} 4. Qc2 {[%emt 0:00:01]} O-O {[%emt 0:00:01]} 5. a3 {[%emt 0:00:01]} Bxc3+ {[%emt 0:00:01]} 6. Qxc3 {[%emt 0:00:01]} d5 {[%emt 0:00:01]} 7. Bg5 {[%emt 0:00:01]} c5 {[%emt 0:00:01]} 8. Nf3 {[%emt 0:00:01]} Nc6 {[%emt 0:00:01]} 9. cxd5 {[%emt 0:00:01]} exd5 {[%emt 0:00:01]} 10. Qxc5 {[%emt 0:00:03]} Ne4 {[%emt 0:00:03]} 11. Bxd8 {[%emt 0:00:01]} Nxc5 {[%emt 0:00:01]} 12. dxc5 {[%emt 0:00:01]} Rxd8 {[%emt 0:00:02]} 13. O-O-O {[%emt 0:00:08]} b6 {[%emt 0:00:04]} 14. e4 {[%emt 0:00:03]} dxe4 {[%emt 0:00:01]} 15. Rxd8+ {[%emt 0:00:03]} Nxd8 {[%emt 0:00:01]} 16. Ng5 {[%emt 0:00:03]} Bb7 {[%emt 0:00:04]} 17. cxb6 {[%emt 0:00:01]} axb6 {[%emt 0:00:01]} 18. Bc4 {[%emt 0:00:03]} Ra4 {[%emt 0:00:03]} 19. Bb5 {[%emt 0:00:02]} Ra5 {[%emt 0:00:03]} 20. Rd1 {[%emt 0:00:02]} Ra8 {[%emt 0:00:02]} 21. Rd6 {[%emt 0:00:02]} h6 {[%emt 0:00:03]} 22. a4 {[%emt 0:00:02]} Rc8+ {[%emt 0:00:01]} 23. Kd2 {[%emt 0:00:01]} hxg5 {[%emt 0:00:01]} 24. Rxb6 {[%emt 0:00:01]} e3+ {[%emt 0:00:02]} 25. fxe3 {[%emt 0:00:01]} Bxg2 {[%emt 0:00:01]} 26. a5 {[%emt 0:00:01]} Ne6 {[%emt 0:00:02]} 27. a6 {[%emt 0:00:01]} Ba8 {[%emt 0:00:02]} 28. a7 {[%emt 0:00:01]} g6 {[%emt 0:00:01]} 29. Rb8 {[%emt 0:00:01]} Kf8 {[%emt 0:00:01]} 30. Rxc8+ {[%emt 0:00:01]} Ke7 {[%emt 0:00:01]} 31. Re8+ {[%emt 0:00:01]} Kd6 {[%emt 0:00:01]} 32. Rxa8 {[%emt 0:00:01]} Nc7 {[%emt 0:00:01]} 33. Rh8 {[%emt 0:00:01]} g4 {[%emt 0:00:01]} 34. Bc4 {[%emt 0:00:01]} Kc6 {[%emt 0:00:01]} 35. Bxf7 {[%emt 0:00:01]} Kb7 {[%emt 0:00:01]} 36. a8=R {[%emt 0:00:00]} Nxa8 {[%emt 0:00:01]} 37. Bc4 {[%emt 0:00:01]} Nb6 {[%emt 0:00:01]} 38. Rh7+ {[%emt 0:00:01]} Kb8 {[%emt 0:00:01]} 39. b3 {[%emt 0:00:00]} Nc8 {[%emt 0:00:01]} 40. b4 {[%emt 0:00:01]} Nd6 {[%emt 0:00:01]} 41. Rh8+ {[%emt 0:00:00]} Kb7 {[%emt 0:00:01]} 42. Bd5+ {[%emt 0:00:00]} Kb6 {[%emt 0:00:01]} 43. e4 {[%emt 0:00:01]} Kb5 {[%emt 0:00:01]} 44. Ra8 {[%emt 0:00:00]} g5 {[%emt 0:00:00]} 45. Rb8+ {[%emt 0:00:00]} Ka4 {[%emt 0:00:01]} 46. e5 {[%emt 0:00:00]} Nf5 {[%emt 0:00:00]} 47. e6 {[%emt 0:00:00]} Ne7 {[%emt 0:00:00]} 48. Be4 {[%emt 0:00:00]} Ka3 {[%emt 0:00:00]} 49. b5 {[%emt 0:00:00]} Kb4 {[%emt 0:00:00]} 50. Re8 {[%emt 0:00:00]} Kxb5 {[%emt 0:00:00]} 51. Rxe7 {[%emt 0:00:00]} Kc5 {[%emt 0:00:00]} 52. Rg7 {[%emt 0:00:01]} Kd6 {[%emt 0:00:00]} 53. e7 {[%emt 0:00:00] .} Kc5 {[%emt 0:00:00]} 0-1

[Event "5"]
[Site "Emanuel Lasker Arena"]
[Date "2024.04.09"]
[Round "4"]
[White "ArrowPlay"]
[Black "MikhailBerg"]
[Result "1-0"]
[WhiteElo "2027"]
[BlackElo "2094"]
[Annotator "NA RC"]
[PlyCount "113"]
[EventDate "2024.04.09"]
[EventType "swiss (blitz)"]

1. e4 {[%emt 0:00:01]} e5 {[%emt 0:00:01]} 2. Nf3 {[%emt 0:00:01]} Nc6 {[%emt 0:00:01]} 3. Bb5 {[%emt 0:00:01]} a6 {[%emt 0:00:01]} 4. Ba4 {[%emt 0:00:01]} Nf6 {[%emt 0:00:01]} 5. O-O {[%emt 0:00:01]} Be7 {[%emt 0:00:01]} 6. Re1 {[%emt 0:00:01]} b5 {[%emt 0:00:01]} 7. Bb3 {[%emt 0:00:01]} O-O {[%emt 0:00:01]} 8. c3 {[%emt 0:00:01]} d6 {[%emt 0:00:01]} 9. h3 {[%emt 0:00:01]} Bb7 {[%emt 0:00:01]} 10. d4 {[%emt 0:00:01]} Re8 {[%emt 0:00:01]} 11. Nbd2 {[%emt 0:00:02]} Bf8 {[%emt 0:00:01]} 12. a3 {[%emt 0:00:00]} h6 {[%emt 0:00:01]} 13. Ba2 {[%emt 0:00:01]} Nb8 {[%emt 0:00:01]} 14. d5 {[%emt 0:00:00]} c6 {[%emt 0:00:01]} 15. Bc4 {[%emt 0:00:02]} bxc4 {[%emt 0:00:02]} 16. dxc6 {[%emt 0:00:01]} Bxc6 {[%emt 0:00:01]} 17. Nxc4 {[%emt 0:00:00]} Nxe4 {[%emt 0:00:01]} 18. Be3 {[%emt 0:00:04]} Qf6 {[%emt 0:00:04]} 19. Nb6 {[%emt 0:00:03]} Qg6 {[%emt 0:00:03]} 20. Nh4 {[%emt 0:00:01]} Qf6 {[%emt 0:00:06]} 21. Nxa8 {[%emt 0:00:01]} Qxh4 {[%emt 0:00:01]} 22. Nc7 {[%emt 0:00:03]} Rc8 {[%emt 0:00:03]} 23. Nd5 {[%emt 0:00:03]} f5 {[%emt 0:00:03]} 24. b4 {[%emt 0:00:03]} f4 {[%emt 0:00:02]} 25. f3 {[%emt 0:00:03]} fxe3 {[%emt 0:00:01]} 26. Qa4 {[%emt 0:00:01]} Qf2+ {[%emt 0:00:02]} 27. Kh2 {[%emt 0:00:01]} Qg3+ {[%emt 0:00:02]} 28. Kg1 {[%emt 0:00:01]} Bxa4 {[%emt 0:00:01]} 29. fxe4 {[%emt 0:00:01]} Bb5 {[%emt 0:00:01]} 30. a4 {[%emt 0:00:02]} Qf2+ {[%emt 0:00:01]} 31. Kh2 {[%emt 0:00:00]} Bc4 {[%emt 0:00:01]} 32. Nb6 {[%emt 0:00:02]} Rc6 {[%emt 0:00:01]} 33. a5 {[%emt 0:00:02]} g5 {[%emt 0:00:01]} 34. Red1 {[%emt 0:00:02]} e2 {[%emt 0:00:01]} 35. Re1 {[%emt 0:00:01]} d5 {[%emt 0:00:01]} 36. exd5 {[%emt 0:00:01]} Rxb6 {[%emt 0:00:01]} 37. axb6 {[%emt 0:00:01]} Bxd5 {[%emt 0:00:00]} 38. Rg1 {[%emt 0:00:01]} g4 {[%emt 0:00:01]} 39. c4 {[%emt 0:00:01]} Be4 {[%emt 0:00:01]} 40. c5 {[%emt 0:00:00]} gxh3 {[%emt 0:00:01]} 41. Kxh3 {[%emt 0:00:01]} Be7 {[%emt 0:00:01]} 42. g3 {[%emt 0:00:01]} Qf3 {[%emt 0:00:01]} 43. Rge1 {[%emt 0:00:01]} Nc6 {[%emt 0:00:00]} 44. Rxa6 {[%emt 0:00:01]} Kg7 {[%emt 0:00:00]} 45. b7 {[%emt 0:00:01]} Nxb4 {[%emt 0:00:00]} 46. b8=Q {[%emt 0:00:00]} Bf5+ {[%emt 0:00:00]} 47. Kh2 {[%emt 0:00:00]} Qf2+ {[%emt 0:00:00]} 48. Kh1 {[%emt 0:00:01]} Qxc5 {[%emt 0:00:00]} 49. Rb6 {[%emt 0:00:00]} Be4+ {[%emt 0:00:00]} 50. Kh2 {[%emt 0:00:00]} Qg1+ {[%emt 0:00:00]} 51. Rxg1 {[%emt 0:00:00]} Nd3 {[%emt 0:00:00]} 52. Qc7 {[%emt 0:00:00]} e1=Q {[%emt 0:00:00]} 53. Qxe7+ {[%emt 0:00:00]} Kg8 {[%emt 0:00:01]} 54. Rxh6 {[%emt 0:00:00]} Qd2+ {[%emt 0:00:00]} 55. Kh3 {[%emt 0:00:01]} Qg5 {[%emt 0:00:00]} 56. Qxg5+ {[%emt 0:00:00]} Kf8 {[%emt 0:00:01] '} 57. Rf1+ {[%emt 0:00:00] (Lag: Av=0.06s, max=0.5s)} 1-0

[Event "5"]
[Site "Emanuel Lasker Arena"]
[Date "2024.04.09"]
[Round "4"]
[White "AlphaHero"]
[Black "Daenerys"]
[Result "1/2-1/2"]
[WhiteElo "2021"]
[BlackElo "1925"]
[Annotator "NA RC"]
[PlyCount "110"]
[EventDate "2024.04.09"]
[EventType "swiss (blitz)"]

1. d4 {[%emt 0:00:01]} d5 {[%emt 0:00:01]} 2. c4 {[%emt 0:00:01]} dxc4 {[%emt 0:00:01]} 3. Nf3 {[%emt 0:00:01]} a6 {[%emt 0:00:01]} 4. e3 {[%emt 0:00:01]} b5 {[%emt 0:00:01]} 5. a4 {[%emt 0:00:01]} Bb7 {[%emt 0:00:01]} 6. b3 {[%emt 0:00:00]} e6 {[%emt 0:00:01]} 7. bxc4 {[%emt 0:00:01]} bxc4 {[%emt 0:00:01]} 8. Bxc4 {[%emt 0:00:01]} Nf6 {[%emt 0:00:01]} 9. Nbd2 {[%emt 0:00:01]} Nbd7 {[%emt 0:00:01]} 10. O-O {[%emt 0:00:00]} Bd6 {[%emt 0:00:01]} 11. Qb3 {[%emt 0:00:04]} Rb8 {[%emt 0:00:02]} 12. Qd3 {[%emt 0:00:02]} e5 {[%emt 0:00:03]} 13. dxe5 {[%emt 0:00:01]} Nxe5 {[%emt 0:00:01]} 14. Nxe5 {[%emt 0:00:01]} Bxe5 {[%emt 0:00:01]} 15. Qxd8+ {[%emt 0:00:04]} Rxd8 {[%emt 0:00:01]} 16. Rb1 {[%emt 0:00:04]} Bc6 {[%emt 0:00:03]} 17. Bb2 {[%emt 0:00:03]} Ng4 {[%emt 0:00:03]} 18. Nf3 {[%emt 0:00:03]} Bxb2 {[%emt 0:00:01]} 19. Rxb2 {[%emt 0:00:01]} Bxa4 {[%emt 0:00:01]} 20. Rb7 {[%emt 0:00:03]} h5 {[%emt 0:00:03]} 21. Rxc7 {[%emt 0:00:01]} Rd7 {[%emt 0:00:03]} 22. Bxf7+ {[%emt 0:00:02]} Kxf7 {[%emt 0:00:01]} 23. Ng5+ {[%emt 0:00:02]} Kg6 {[%emt 0:00:02]} 24. Rc5 {[%emt 0:00:03]} Rd2 {[%emt 0:00:02]} 25. h4 {[%emt 0:00:02]} Bb5 {[%emt 0:00:02]} 26. Ne4 {[%emt 0:00:02]} Nxe3 {[%emt 0:00:02]} 27. fxe3 {[%emt 0:00:01]} Rdd8 {[%emt 0:00:01]} 28. Rff5 {[%emt 0:00:01]} Rd2 {[%emt 0:00:02]} 29. Rg5+ {[%emt 0:00:01]} Kh6 {[%emt 0:00:01]} 30. Rxh5+ {[%emt 0:00:01]} Kg6 {[%emt 0:00:00]} 31. Rhg5+ {[%emt 0:00:01]} Kh6 {[%emt 0:00:01]} 32. Nxd2 {[%emt 0:00:01]} Rd8 {[%emt 0:00:01]} 33. Ne4 {[%emt 0:00:01]} Rd1+ {[%emt 0:00:01]} 34. Kh2 {[%emt 0:00:01]} Bf1 {[%emt 0:00:01]} 35. g3 {[%emt 0:00:01]} Ra1 {[%emt 0:00:01]} 36. Rc6+ {[%emt 0:00:01]} Kh7 {[%emt 0:00:01]} 37. Rh5+ {[%emt 0:00:01]} Kg8 {[%emt 0:00:01]} 38. Re5 {[%emt 0:00:01]} Bc4 {[%emt 0:00:01]} 39. Rxc4 {[%emt 0:00:01]} Ra2+ {[%emt 0:00:01]} 40. Kh3 {[%emt 0:00:00]} Ra1 {[%emt 0:00:01]} 41. Rc7 {[%emt 0:00:00]} Rh1+ {[%emt 0:00:00]} 42. Kg2 {[%emt 0:00:00]} Kf8 {[%emt 0:00:00]} 43. Kxh1 {[%emt 0:00:00]} g5 {[%emt 0:00:00]} 44. Nxg5 {[%emt 0:00:00]} a5 {[%emt 0:00:00]} 45. Rxa5 {[%emt 0:00:00]} Ke8 {[%emt 0:00:00]} 46. g4 {[%emt 0:00:00]} Kd8 {[%emt 0:00:00]} 47. Ne6+ {[%emt 0:00:01]} Ke8 {[%emt 0:00:00]} 48. Nf8 {[%emt 0:00:00]} Kxf8 {[%emt 0:00:01]} 49. Kg2 {[%emt 0:00:00]} Ke8 {[%emt 0:00:00]} 50. Rh7 {[%emt 0:00:00]} Kf8 {[%emt 0:00:00]} 51. Rf5+ {[%emt 0:00:00]} Kg8 {[%emt 0:00:00]} 52. Ra7 {[%emt 0:00:00]} Kh8 {[%emt 0:00:00]} 53. Rd5 {[%emt 0:00:00]} Kg8 {[%emt 0:00:00]} 54. e4 {[%emt 0:00:00]} Kf8 {[%emt 0:00:00]} 55. h5 {[%emt 0:00:01] .} Ke8 {[%emt 0:00:00]} 1/2-1/2